000 00831nam a2200253 a 4500
005 20250314063743.0
008 170317s2009 ea r 000 0 eng d
020 _a0982499302
035 _aUPN01000216895
049 _aCG
050 4 _aJC591
_bG3.3 2009
100 1 _aGarcía Ramírez, Sergio,
_d1938-
_935355
245 1 0 _aFreedom of thought and expression in the case law of the inter-american court of human rights /
_cSergio García Ramírez, Alejandra Gonza.
250 _a2a ed.
260 _aU.S.A. :
_bInter American Press Association,
_c2009.
300 _a127 p.
440 0 _aChapultepec
650 2 _aLibertad de expresión
_96920
650 4 _aLIBERTAD DE PRENSA
_925410
650 4 _aLIBRE ALBEDRIO Y DETERMINISMO
_915157
700 1 _aGonza, Alejandra,
_ecoaut.
905 _aLibro
999 _c188995
_d188995